| 000 | 00949nas a2200277 4500 | ||
|---|---|---|---|
| 001 | BR2016003011 | ||
| 003 | BR-BrBNA | ||
| 005 | 20231205130458.0 | ||
| 007 | ta | ||
| 008 | 230509b bl.|||p| |||| 00| 00por d | ||
| 040 |
_aBR-BrBNA _bpor _cBiblioteca Nacional de Agricultura |
||
| 041 | _a(Pt) | ||
| 072 | _aF02; F62; F63 | ||
| 100 | 1 | _aSilveira, T. | |
| 100 | 1 | _aMarcon, C. | |
| 100 | 1 | _aDroste, A. | |
| 245 | 1 | _aGerminação de esporos e desenvolvimento de gametófitos de Cyathea Atrovirens (Langsd. Fisch.)domin (Cyatheaceae): influência de sais minerais e sacarose | |
| 650 | _aCULTURA IN VITRO | ||
| 650 | _aGERMINAÇÃO | ||
| 650 | _aSAMAMBAIA | ||
| 650 | _aESPORO | ||
| 650 | _aETAPA DE DESENVOLVIMENTO DA PLANTA | ||
| 773 | 0 |
_tPesquisas. Botânica - Instituto Anchietano de Pesquisas (Brazil) _xISSN 0373-840X _g(2015), no. 68 p. 395-406 _wBR2016003011 |
|
| 909 |
_a202311 _bLúcia _c55 _dLúcia Elande |
||
| 942 |
_2AGRIS _n0 _cANA |
||
| 999 |
_c249676 _d249676 |
||